Countries starting with A - Statistics

General Stats
  • This quiz has been taken 23 times
  • The average score is 10 of 11
Answer Stats
A Name % Correct
A Austria
100%
A Albania
96%
A Australia
96%
A Afghanistan
91%
A Andorra
91%
A Angola
91%
A Azerbaijan
91%
A Algeria
87%
A Antigua and Barbuda
87%
A Argentina
87%
A Armenia
87%
No matching quizzes found
Score Distribution
Percent of People with Each Score
Percentile by Number Answered
Your Score History
You have not taken this quiz